| 000 | 00363nam a2200133Ia 4500 | ||
|---|---|---|---|
| 008 | 150202s9999 xx 000 0 und d | ||
| 020 | _a821729233 | ||
| 050 |
_aFIC _bFIC |
||
| 100 | _aPrewit Parker, Jolene. | ||
| 245 |
_aHomecoming / _cJolene Prewit Parker. |
||
| 260 |
_aNew York : _bZebra Books, _c1990. |
||
| 300 |
_a384 pages : _c18 cm. |
||
| 650 | _aFiction. | ||
| 999 |
_c282293 _d282293 |
||